<?xml version="1.0" encoding="UTF-8"?>
<record
    xmlns:xsi="http://www.w3.org/2001/XMLSchema-instance"
    xsi:schemaLocation="http://www.loc.gov/MARC21/slim http://www.loc.gov/standards/marcxml/schema/MARC21slim.xsd"
    xmlns="http://www.loc.gov/MARC21/slim">

  <leader>00698nam a2200217 a 4500</leader>
  <controlfield tag="001">BRL_1765</controlfield>
  <controlfield tag="005">20190320211346.0</controlfield>
  <controlfield tag="008">280715s1979----mx-a######---#000-0#spa-#</controlfield>
  <datafield tag="041" ind1=" " ind2=" ">
    <subfield code="a">spa</subfield>
  </datafield>
  <datafield tag="044" ind1=" " ind2=" ">
    <subfield code="a">mx</subfield>
  </datafield>
  <datafield tag="050" ind1=" " ind2="4">
    <subfield code="a">PQ7298.26.R47</subfield>
    <subfield code="b">.P75 1979</subfield>
  </datafield>
  <datafield tag="100" ind1="1" ind2=" ">
    <subfield code="a">Priego Pardi&#xF1;az, Carlos</subfield>
    <subfield code="9">27814</subfield>
  </datafield>
  <datafield tag="245" ind1="1" ind2="0">
    <subfield code="a">Leyendas y an&#xE9;cdotas de la huasteca</subfield>
    <subfield code="c">Carlos Priego Pardi&#xF1;az ; pro&#xEC;logo del Lic. Rafael Montejano y Aguin&#xDE;aga.</subfield>
  </datafield>
  <datafield tag="260" ind1=" " ind2=" ">
    <subfield code="a">Tamazunchale, S.L.P.</subfield>
    <subfield code="b">Editorial Huastecapan</subfield>
    <subfield code="c">1979</subfield>
  </datafield>
  <datafield tag="300" ind1=" " ind2=" ">
    <subfield code="a">153 p.</subfield>
    <subfield code="b">il.</subfield>
    <subfield code="c">21 cm.</subfield>
  </datafield>
  <datafield tag="500" ind1=" " ind2=" ">
    <subfield code="a">Au1999</subfield>
  </datafield>
  <datafield tag="650" ind1="1" ind2="4">
    <subfield code="a">Leyendas</subfield>
    <subfield code="z">Huasteca (M&#xE9;xico)</subfield>
    <subfield code="9">27815</subfield>
  </datafield>
  <datafield tag="700" ind1="1" ind2=" ">
    <subfield code="a">Montejano y Aguin&#xDE;aga, Rafael</subfield>
    <subfield code="e">pr&#xF3;l.</subfield>
    <subfield code="9">27816</subfield>
  </datafield>
  <datafield tag="902" ind1=" " ind2=" ">
    <subfield code="a">GRL</subfield>
  </datafield>
  <datafield tag="942" ind1=" " ind2=" ">
    <subfield code="2">lcc</subfield>
    <subfield code="c">B</subfield>
  </datafield>
  <datafield tag="999" ind1=" " ind2=" ">
    <subfield code="c">10573</subfield>
    <subfield code="d">10573</subfield>
  </datafield>
  <datafield tag="952" ind1=" " ind2=" ">
    <subfield code="0">0</subfield>
    <subfield code="1">0</subfield>
    <subfield code="4">0</subfield>
    <subfield code="7">0</subfield>
    <subfield code="a">BRL</subfield>
    <subfield code="b">BRL</subfield>
    <subfield code="d">2015-07-28</subfield>
    <subfield code="i">Au1999</subfield>
    <subfield code="l">0</subfield>
    <subfield code="o">PQ7298.26.R47 .P75 1979 (Au1999)</subfield>
    <subfield code="p">GRL01931</subfield>
    <subfield code="r">2019-03-22 00:00:00</subfield>
    <subfield code="w">2019-03-22</subfield>
    <subfield code="y">B</subfield>
  </datafield>
</record>
